| 000 | 01147nam a22002777a 4500 | ||
|---|---|---|---|
| 001 | BD-DhSAU 9278 | ||
| 003 | BD-DhSAU | ||
| 005 | 20230103103407.0 | ||
| 008 | 150613b2018 bg a|||| m||| 00| 0 eng d | ||
| 040 | _aBD-DhSAU | ||
| 082 |
_222 _a635 _bK1799 |
||
| 100 |
_aKAWSAR, TUNAJJINA _eRegistration No. # 14-05920 |
||
| 245 |
_aEffect of different growing media on basil varieties in
simulated indoor vertical farm /
_bMS thesis |
||
| 260 |
_aSher-e-Bangla Agricultural University : _bDepartment of Horticulture, _c2021 |
||
| 300 |
_axi, 80p. : _bill. ; _c30 cm. |
||
| 500 | _aMS thesis of Department of Horticulture, Faculty of Agriculture, Sher-e-Bangla Agricultural University, Dhaka, Bangladesh | ||
| 504 | _aIncludes bibliographical reference. | ||
| 590 | _aNazmul | ||
| 650 | _agrowing media | ||
| 650 | _abasil varieties | ||
| 651 | _asimulated indoor vertical farm | ||
| 700 |
_aProf. Dr. Abul Hasnat M Solaiman _eSuperviser |
||
| 700 |
_aProf. Dr. Md. Tazul Islam Chowdhury _eCo-superviser |
||
| 856 | _uhttp://archive.saulibrary.edu.bd:8080/xmlui/handle/123456789/4679 | ||
| 942 |
_2ddc _cTHESIS |
||
| 999 |
_c16469 _d16468 |
||